Wszyscy europosłowie x kadencji europarlamentu(stan na 11 lipca 2025) - Statystyki

Ogólne statystyki
  • Ten quiz został rozwiązany 44 razy
  • Średni wynik to 21 z 53
Statystyki odpowiedzi
grupa europarlamentarna europoseł % Poprawnych
Niezrzeszony(kkp) Grzegorz Braun
94%
Grupa Postępowego Sojuszu Socjalistów i Demokratów w Parlamencie Europejskim(nowa lewica) Robert Biedroń
88%
Europejscy Konserwatyści i Reformatorzy(pis) Beata Szydło
81%
Europejska Partia Ludowa (Chrześcijańscy Demokraci)(po,psl,ipl,niezrzeszony) Ewa Kopacz
81%
Europejscy Konserwatyści i Reformatorzy(pis) Patryk Jaki
75%
Patrioci za Europą(Ruch Narodowy) Anna Bryłka
69%
Europejscy Konserwatyści i Reformatorzy(pis) Dominik Tarczyński
69%
Europejscy Konserwatyści i Reformatorzy(pis) Daniel Obajtek
63%
Europa Suwerennych Narodów(nowa nadzieja) Ewa Zajączkowska-Hernik
63%
Europejscy Konserwatyści i Reformatorzy(pis) Mariusz Kamiński
63%
Europejscy Konserwatyści i Reformatorzy(pis) Adam Bielan
56%
Europejska Partia Ludowa (Chrześcijańscy Demokraci)(po,psl,ipl,niezrzeszony) Bartłomiej Sienkiewicz
56%
Grupa Postępowego Sojuszu Socjalistów i Demokratów w Parlamencie Europejskim(nowa lewica) Joanna Scheuring-Wielgus
56%
Europejscy Konserwatyści i Reformatorzy(pis) Maciej Wąsik
56%
Europejska Partia Ludowa (Chrześcijańscy Demokraci)(po,psl,ipl,niezrzeszony) Adam Jarubas
50%
Europejska Partia Ludowa (Chrześcijańscy Demokraci)(po,psl,ipl,niezrzeszony) Bartosz Arłukowicz
50%
Europejska Partia Ludowa (Chrześcijańscy Demokraci)(po,psl,ipl,niezrzeszony) Borys Budka
50%
Europejska Partia Ludowa (Chrześcijańscy Demokraci)(po,psl,ipl,niezrzeszony) Dariusz Joński
50%
Grupa Postępowego Sojuszu Socjalistów i Demokratów w Parlamencie Europejskim(nowa lewica) Krzysztof Śmiszek
50%
Europejska Partia Ludowa (Chrześcijańscy Demokraci)(po,psl,ipl,niezrzeszony) Michał Szczerba
50%
Europejska Partia Ludowa (Chrześcijańscy Demokraci)(po,psl,ipl,niezrzeszony) Łukasz Kohut
44%
Grupa Odnówmy Europę(pl2050) Michał Kobosko
44%
Europejska Partia Ludowa (Chrześcijańscy Demokraci)(po,psl,ipl,niezrzeszony) Hanna Gronkiewicz-Waltz
38%
Europejska Partia Ludowa (Chrześcijańscy Demokraci)(po,psl,ipl,niezrzeszony) Magdalena Adamowicz
38%
Europejscy Konserwatyści i Reformatorzy(pis) Waldemar Buda
38%
Europejscy Konserwatyści i Reformatorzy(pis) Jacek Ozdoba
31%
Europejscy Konserwatyści i Reformatorzy(pis) Joachim Brudziński
31%
Europejska Partia Ludowa (Chrześcijańscy Demokraci)(po,psl,ipl,niezrzeszony) Krzysztof Brejza
31%
Europejscy Konserwatyści i Reformatorzy(pis) Małgorzata Gosiewska
31%
Europejska Partia Ludowa (Chrześcijańscy Demokraci)(po,psl,ipl,niezrzeszony) Marta Wcisło
31%
Europejscy Konserwatyści i Reformatorzy(pis) Michał Dworczyk
31%
Europa Suwerennych Narodów(nowa nadzieja) Stanisław Tyszka
31%
Europejscy Konserwatyści i Reformatorzy(pis) Tobiasz Bocheński
31%
Europejska Partia Ludowa (Chrześcijańscy Demokraci)(po,psl,ipl,niezrzeszony) Andrzej Halicki
25%
Europejscy Konserwatyści i Reformatorzy(pis) Anna Zalewska
25%
Europejska Partia Ludowa (Chrześcijańscy Demokraci)(po,psl,ipl,niezrzeszony) Bogdan Zdrojewski
25%
Europejska Partia Ludowa (Chrześcijańscy Demokraci)(po,psl,ipl,niezrzeszony) Elżbieta Łukacijewska
25%
Europejska Partia Ludowa (Chrześcijańscy Demokraci)(po,psl,ipl,niezrzeszony) Jagna Marczułajtis-Walczak
25%
Europejska Partia Ludowa (Chrześcijańscy Demokraci)(po,psl,ipl,niezrzeszony) Kamila Gasiuk-Pihowicz
25%
Europejska Partia Ludowa (Chrześcijańscy Demokraci)(po,psl,ipl,niezrzeszony) Krzysztof Hetman
25%
Europejscy Konserwatyści i Reformatorzy(pis) Piotr Müller
25%
Patrioci za Europą(Ruch Narodowy) Tomasz Buczek
25%
Europejska Partia Ludowa (Chrześcijańscy Demokraci)(po,psl,ipl,niezrzeszony) Janusz Lewandowski
19%
Europejscy Konserwatyści i Reformatorzy(pis) Kosma Złotowski
19%
Europejscy Konserwatyści i Reformatorzy(pis) Marlena Maląg
19%
Europejska Partia Ludowa (Chrześcijańscy Demokraci)(po,psl,ipl,niezrzeszony) Mirosława Nykiel
19%
Europejska Partia Ludowa (Chrześcijańscy Demokraci)(po,psl,ipl,niezrzeszony) Andrzej Buła
13%
Europejscy Konserwatyści i Reformatorzy(pis) Arkadiusz Mularczyk
13%
Europejska Partia Ludowa (Chrześcijańscy Demokraci)(po,psl,ipl,niezrzeszony) Jacek Protas
13%
Europa Suwerennych Narodów(nowa nadzieja) Marcin Sypniewski
13%
Europejska Partia Ludowa (Chrześcijańscy Demokraci)(po,psl,ipl,niezrzeszony) Michał Wawrykiewicz
13%
Europejscy Konserwatyści i Reformatorzy(pis) Bogdan Rzońca
6%
Europejscy Konserwatyści i Reformatorzy(pis) Jadwiga Wiśniewska
6%
Nie znaleziono quizów pasujących do podanych kryteriów
Rozkład punktacji
Procent ludzi z każdym wynikiem
Percentyl według liczby udzielonych odpowiedzi
Twoja historia wyników
Nie rozwiązałeś tego quizu